[Event "Zweibruecken PSB-ch HT1 82nd"]
[Site "Zweibruecken"]
[Date "2013.03.23"]
[Round "2"]
[White "Geis, Deborah"]
[Black "Boehles, Marcel"]
[Result "0-1"]
[WhiteElo "1135"]
[BlackElo "1531"]
[PlyCount "80"]
[EventDate "2013.??.??"]
[EventType "swiss"]
[EventRounds "7"]
[EventCountry "GER"]
[SourceTitle "EXT 2014"]
[Source "ChessBase"]
[SourceDate "2013.11.20"]
[SourceVersion "1"]
[SourceVersionDate "2013.11.20"]
[SourceQuality "1"]

1. e4 e5 2. Nf3 Nc6 3. Bc4 Be7 4. c3 d6 5. d4 Nf6 6. Nbd2 exd4 7. cxd4 0-0 8. 0-0 Bg4 9. Be2 Bxf3 10. Nxf3 Nxe4 11. d5 Ne5 12. Bf4 Ng6 13. Be3 Bf6 14. Rb1 Re8 15. Bd3 Nc5 16. Bc2 Ne5 17. Nxe5 Rxe5 18. Re1 Nd7 19. Qd3 g6 20. Bd4 Rxe1+ 21. Rxe1 Bxd4 22. Qxd4 Qf6 23. Qb4 Nb6 24. Be4 Re8 25. b3 Nd7 26. f3 Nc5 27. Bc2 Rxe1+ 28. Qxe1 Qd4+ 29. Kh1 Nd3 30. Bxd3 Qxd3 31. h3 Qxd5 32. Qe8+ Kg7 33. Qe7 Qd1+ 34. Kh2 Qc2 35. Qd7 Qxa2 36. Qxc7 Qxb3 37. Qxd6 Qb2 38. Qf4 a5 39. Qc7 a4 40. Qa5 a3 0-1